000 00538nam a2200181Ia 4500
003 IN-BaIIA
008 211028s9999 xx 000 0 eng d
020 _a90-277-1654-4
040 _cIIA Library
080 _a523.68
_bBRO
100 _aBronshten, V. A
_910451
245 0 _aPhysics of meteoric phenomena
_cV. A. Bronshten
260 _aDordrecht
_bD. Reidel Publishing
_c1983
300 _axviii, 356p.
650 _aAstronomy and astrophysics thesaurus
650 _aMeteors
942 _cBK
999 _c8341
_d8341